000 00886nam a22002537a 4500
001 BRCA_9235
003 FranzMayer
005 20220930163214.0
008 220928b |||||||| |||| 00| 0 eng d
020 _a9788419094582
040 _bspa
_cMFM
041 _aspa
050 _aTR820.5
_bW67 2022
245 _aWorld Press Photo 2022
260 _aÁmsterdam, Países Bajos :
_bStichting World Press Photo,
_c2022
260 _aBélgica :
_bLanoo,
_c2022
260 _bBLUME,
_c2022
300 _a240 pp. :
_bil. fot. ;
_c19.5 x 25 cm.
500 _aCatálogo de la exposición realizada en el Museo Franz Mayer (Ciudad de México), 15 julio - 02 octubre, 2022
650 _aFotoperiodismo
_vExposiciones
_xPremios
_95406
650 _aFotografía
_vExposiciones
_xPremios
_95407
700 _aRodríguez Fischer, Cristina
_eed. en lengua española
_911352
942 _2lcc
_cB
999 _c10854
_d10854